Composiciones poéticas en elogio de la augusta clemencia de nuestra Excelsa Reina Doña Isabel II : (Record no. 53370)

MARC details
000 -LEADER
campo de control de longitud fija 01265nam a22002775i 4500
001 - NÚMERO DE CONTROL
campo de control 53370
003 - IDENTIFICADOR DE NÚMERO DE CONTROL
campo de control ES-MaACL
005 - FECHA Y HORA DE LA ÚLTIMA TRANSACCIÓN
campo de control 20250628014704.0
007 - CAMPO FIJO DE DESCRIPCIÓN FÍSICA--INFORMACIÓN GENERAL
campo de control de longitud fija t|
008 - DATOS DE LONGITUD FIJA--INFORMACIÓN GENERAL
campo de control de longitud fija 950921s1845 sp ||||1| spa d
080 ## - NÚMERO DE LA CLASIFICACIÓN DECIMAL UNIVERSAL
Número de la Clasificación Decimal Universal 929 Isabel (460)II(0:82)
080 ## - NÚMERO DE LA CLASIFICACIÓN DECIMAL UNIVERSAL
Número de la Clasificación Decimal Universal 821.134.2(729.1)-14"18"
245 00 - MENCIÓN DEL TÍTULO
Título Composiciones poéticas en elogio de la augusta clemencia de nuestra Excelsa Reina Doña Isabel II :
Resto del título premiadas por el Liceo Artístico y Literario de esta Corte, en el certamen público propuesto por el señor Vicente Bertrán de Lis, donador de los premios.
260 ## - PUBLICACIÓN, DISTRIBUCIÓN, ETC.
Lugar de publicación, distribución, etc. Madrid :
Nombre del editor, distribuidor, etc. [s.n.],
Fecha de publicación, distribución, etc. 1845 (
Fabricante Imp. Nacional)
300 ## - DESCRIPCIÓN FÍSICA
Extensión 20, [2] p. ;
Dimensiones 21 cm.
505 8# - NOTA DE CONTENIDO CON FORMATO
Nota de contenido con formato Contiene: Oda / Felipe de Escalada . La clemencia: oda / Gertrudis Gómez de Avellaneda
530 ## - NOTA DISPONIBLE DE FORMULARIO FÍSICO ADICIONAL
Nota de formato físico adicional disponible Disponible en formato digital.
600 04 - PUNTO DE ACCESO ADICIONAL DE MATERIA--NOMBRE DE PERSONA
Nombre de persona Isabel
Numeración II,
Títulos y otros términos asociados al nombre Reina de España-
Subdivisión de forma Poesías.
9 (RLIN) 164359
700 1# - ENTRADA AGREGADA--NOMBRE PERSONAL
Nombre de persona Bertrán de Lis, Vicente.
9 (RLIN) 28504
700 1# - ENTRADA AGREGADA--NOMBRE PERSONAL
Nombre de persona Escalada, Felipe de.
9 (RLIN) 47459
700 1# - ENTRADA AGREGADA--NOMBRE PERSONAL
Nombre de persona Gómez de Avellaneda, Gertrudis,
Fechas asociadas al nombre 1814-1873
9 (RLIN) 57886
710 2# - ENTRADA AGREGADA--NOMBRE DE ENTIDAD CORPORATIVA
Nombre de entidad corporativa o nombre de jurisdicción como elemento de entrada Liceo Artístico y Literario de Madrid.
9 (RLIN) 5525
852 4# - LOCALIZACIÓN
Ubicación ES-MaACL
Número de control de estantería T-21-F-14
856 4# - LOCALIZACIÓN Y ACCESO ELECTRÓNICOS
Identificador Uniforme de Recursos <a href="http://bdh-rd.bne.es/viewer.vm?id=0000117821&page=1 ">http://bdh-rd.bne.es/viewer.vm?id=0000117821&page=1 </a>
Nota pública Biblioteca Digital Hispánica
Holdings
Estatus retirado Estado de pérdida Estado de daño No para préstamo Colección Biblioteca de origen Biblioteca actual Ubicación en estantería Fecha de adquisición Fuente de adquisición Total de préstamos Signatura topográfica completa Código de barras Visto por última vez Precio de reemplazo Tipo de ítem Koha
        Colección de folletos Biblioteca del Ateneo de Madrid Biblioteca del Ateneo de Madrid Depósito folletos 17/01/2008     T-21-F-14 1056077 23/02/2023 23/02/2023 Folleto